Normal view MARC view
  • Siddesh,G. M

Entry Personal Name

Number of records used in: 1

001 - CONTROL NUMBER

  • control field: 132574

003 - CONTROL NUMBER IDENTIFIER

  • control field: NUST

005 - DATE AND TIME OF LATEST TRANSACTION

  • control field: 20251224162601.0

008 - FIXED-LENGTH DATA ELEMENTS

  • fixed length control field: 251224|| aca||aabn | a|a d

040 ## - CATALOGING SOURCE

  • Original cataloging agency: NUST
  • Transcribing agency: NUST

100 ## - HEADING--PERSONAL NAME

  • Personal name: Siddesh,G. M

670 ## - SOURCE DATA FOUND

  • Source citation: Work cat.: (NUST): Statistical Modelling and Machine Learning Principles for Bioinformatics Techniques, Tools, and Applications, 2020
© 2023 Central Library, National University of Sciences and Technology. All Rights Reserved.